飯田橋駅より西にある駅(サドンデス) - Statistics

General Stats
  • This quiz has been taken 346 times
  • The average score is 3 of 13
Answers on the Grid
Answers color-coded by a green-red scale on the quiz's grid according to % correct below.
久里浜
九段下
半蔵門
古河
大井町
天王洲アイル
小島新田
巣鴨
幸手
御成門
春日部
栃木
桜田門
梶原
浦賀
溜池山王
男鹿
芝公園
茗荷谷
豊春
赤坂見附
酒田
鳩ヶ谷
鹿沼
 
Answer Stats
Answer % Correct
久里浜
54%
赤坂見附
32%
茗荷谷
31%
浦賀
27%
半蔵門
26%
溜池山王
26%
大井町
24%
巣鴨
23%
栃木
15%
鳩ヶ谷
10%
古河
9%
幸手
7%
豊春
2%
No matching quizzes found
Score Distribution
Percent of People with Each Score
Percentile by Number Answered
Your Score History
You have not taken this quiz